Lease or licence: a new recipe for disaster? (Record no. 12405)
[ view plain ]
| 000 -LEADER | |
|---|---|
| fixed length control field | 01085cab a2200217 4500 |
| 001 - CONTROL NUMBER | |
| control field | ABS39729 |
| 008 - FIXED-LENGTH DATA ELEMENTS--GENERAL INFORMATION | |
| fixed length control field | 090401t1988 xxu||||| |||| 00| 0 eng d |
| 035 ## - SYSTEM CONTROL NUMBER | |
| System control number | (Sirsi) u18642 |
| 041 ## - LANGUAGE CODE | |
| Language code of text/sound track or separate title | eng |
| 100 ## - MAIN ENTRY--PERSONAL NAME | |
| Personal name | Williams, D. |
| 245 ## - TITLE STATEMENT | |
| Title | Lease or licence: a new recipe for disaster? |
| 260 ## - PUBLICATION, DISTRIBUTION, ETC. | |
| Date of publication, distribution, etc. | 1988 |
| 350 ## - PRICE (NR) (BK AM CF MU VM SE) [OBSOLETE] | |
| Price | 0 |
| 490 ## - SERIES STATEMENT | |
| Series statement | Estates Gazette |
| Volume/sequential designation | (8836) 10 September 1988, 20-31(5) |
| 520 ## - SUMMARY, ETC. | |
| Summary, etc. | Discusses the question of whether an agreement constitutes a lease or a licence in the light of the decision in Antoniades v Villiers (See Abstract 38931). Begins by outlining the background to the case before examining the implications for the decisions in Street v Mountford , Somma v Hazelhurst and Aldrington Garages Ltd v Fielder . Looks at the law prior to Street v Mountford, how Street v Mountford has been applied and the criteria for differentiating between a lease and a licence. References to caselaw throughout. |
| 650 ## - SUBJECT ADDED ENTRY--TOPICAL TERM | |
| Topical term or geographic name entry element | BUSINESS TENANCIES |
| 650 ## - SUBJECT ADDED ENTRY--TOPICAL TERM | |
| Topical term or geographic name entry element | LANDLORD AND TENANT ACT 1954 |
| 690 ## - LOCAL SUBJECT ADDED ENTRY--TOPICAL TERM (OCLC, RLIN) | |
| Topical term or geographic name as entry element | Landlord and tenant |
| 9 (RLIN) | 6252 |
| 942 ## - ADDED ENTRY ELEMENTS (KOHA) | |
| Suppress in OPAC | 0 |
| 948 ## - LOCAL PROCESSING INFORMATION (OCLC); SERIES PART DESIGNATOR (RLIN) | |
| c (OCLC) | 04/03/1997 |
| Withdrawn status | Lost status | Source of classification or shelving scheme | Damaged status | Not for loan | Home library | Current library | Shelving location | Date acquired | Total Checkouts | Full call number | Barcode | Date last seen | Copy number | Price effective from | Koha item type |
|---|---|---|---|---|---|---|---|---|---|---|---|---|---|---|---|
| Dewey Decimal Classification | London | London | Journal article | 14/09/1999 | ABS39729 | 18642-1001 | 06/08/2019 | 1 | 06/08/2019 | Journal article |